01151 a2200157 4500003000500000005001700005020001500022040000900037082001400046100002000060245004200080260003200122300001800154505081100172650001000983NUST20221213152344.0 a817649030x cNust a303.3,GRE aGreene , Robert aThe 48 Laws of Power /cRobert Greene aNew DelhibViVa Booksc1999 axxiii,450:p.; aNever Outshine the Master (Page-1), Never Put too Much Trust in friends (Page-8), Conceal your Intentions (Pge-16), Always say less than Necessary (Page-310, So Much depends on Reputation –Guard it with your Life (Pge-37), Court Attention at All Cost (Pge-44), Get Others to do the work for you, But Always tale the Credit (Page-56), Make Other People Come to you Use Bait if Necessary (Page-62) Infection: Avoid the unhappy and Unlucky (Page-76), Learn to keep People Dependent on you (Page-82), When Asking for Helf Appeal to People’s Self Interest Never to their Mercy or Gratitude (Page-95) Pose as a friend work as a SPY (Page-101), Crush your Enemy Totally (Page-107), Use Absence to Increase Respect and Honor (Page-115), Know who yours Dealing with-Donot offend the Wrong Person (Page-137).  aPower